000 00610cam a22002051 4500
001 2644816
005 20240221075237.0
008 740605s1967 ilu b 000 0 eng
020 _a0002160048
040 _aDLC
_cDLC
_dDLC
082 0 0 _a320.954.
_222
_bTHE.
100 1 _aRudolph, Lloyd I.
245 1 4 _aThe modernity of tradition: political development in India
_c[by] Lloyd I. Rudolph [and] Susanne Hoeber Rudolph.
260 _aChicago,
_bUniversity of Chicago Press
_c1967
300 _aIX, 306 p.
650 0 _aCaste
650 0 _aLaw
700 1 _aRudolph, Susanne Hoeber,
_ejoint author.
942 _cL
999 _c465
_d465